Environmental sustainability in bridge management (Record no. 104156)

MARC details
000 -LEADER
fixed length control field 00744cam a2200217 4500
001 - CONTROL NUMBER
control field L129360
008 - FIXED-LENGTH DATA ELEMENTS--GENERAL INFORMATION
fixed length control field 050414n2004 000 0 eng u
020 ## - INTERNATIONAL STANDARD BOOK NUMBER
International Standard Book Number 1860817327
035 ## - SYSTEM CONTROL NUMBER
System control number (Sirsi) u129360
041 ## - LANGUAGE CODE
Language code of text/sound track or separate title eng
100 ## - MAIN ENTRY--PERSONAL NAME
Personal name Steele, Kristian
245 ## - TITLE STATEMENT
Title Environmental sustainability in bridge management
260 ## - PUBLICATION, DISTRIBUTION, ETC.
Place of publication, distribution, etc. Watford
Name of publisher, distributor, etc. BRE
Date of publication, distribution, etc. 2004
300 ## - PHYSICAL DESCRIPTION
Extent 12p.
Dimensions 30cm.
350 ## - PRICE (NR) (BK AM CF MU VM SE) [OBSOLETE]
Price 12
490 ## - SERIES STATEMENT
Series statement BRE Information Paper
Volume/sequential designation 14/04
520 ## - SUMMARY, ETC.
Summary, etc. Reports on the collaboration between the BRE and Surrey County Council in devising an assessment method for the environmental comparision of bridge management strategies.
690 ## - LOCAL SUBJECT ADDED ENTRY--TOPICAL TERM (OCLC, RLIN)
Topical term or geographic name as entry element PROPERTY-INFRASTRUCTURE-ROAD INFRASTRUCTURE
710 ## - ADDED ENTRY--CORPORATE NAME
Corporate name or jurisdiction name as entry element Surrey County Council
9 (RLIN) 4689
942 ## - ADDED ENTRY ELEMENTS (KOHA)
Suppress in OPAC 0
Holdings
Withdrawn status Lost status Source of classification or shelving scheme Damaged status Not for loan Home library Current library Shelving location Date acquired Total Checkouts Full call number Barcode Date last seen Copy number Price effective from Koha item type
    Dewey Decimal Classification     London London BRE publications 14/04/2005   ENQUIRY DESK 30069990 06/08/2019 1 06/08/2019 Book